|
|
|
|
| LEADER |
00000nam a2200000 a 4500 |
| 001 |
vtls001335418 |
| 003 |
SK-MaSNL |
| 005 |
20260301070003.0 |
| 008 |
251113s1997 xo rc slo |
| 015 |
|
|
|a SNBA1998/10-03706
|
| 020 |
|
|
|a 807114147X
|
| 035 |
|
|
|a SNK000288388
|
| 035 |
|
|
|a urn:nbn:sk:snk-amkhwh
|
| 035 |
|
|
|a urn:nbn:sk:snk-am008fd0
|
| 035 |
|
|
|a E5B30402-E9CC-4487-98D1-5A36354ADBBA
|
| 040 |
|
|
|a SNK
|b slo
|c SNK
|e AACR2
|
| 041 |
0 |
|
|a slo
|
| 044 |
|
|
|a xo
|c SK
|
| 080 |
|
|
|a 235:929
|2 1981
|
| 080 |
|
|
|a 929
|2 1981
|
| 100 |
1 |
|
|a Mečiar, Kamil,
|d 1912-2002
|4 aut
|9 92826
|
| 245 |
1 |
0 |
|a Životy víťazov
|n 1
|c Kamil Mečiar
|
| 260 |
|
|
|a Bratislava
|b Lúč
|c 1997
|
| 300 |
|
|
|a 435 s.
|c 21 cm
|
| 490 |
1 |
|
|a Životné cesty
|
| 650 |
0 |
7 |
|a svätci
|2 SNK
|9 1606
|
| 655 |
|
7 |
|a biografie
|2 SNK
|9 27965
|
| 830 |
|
0 |
|a Životné cesty
|9 283925
|
| 919 |
|
|
|a 80-7114-147-X
|
| 958 |
|
|
|a TL
|
| 958 |
|
|
|a NT
|
| 958 |
|
|
|a BC
|
| 999 |
|
|
|c 632718
|d 634648
|
| 952 |
|
|
|t P60, <09>, [BOOK], {629}
|a SNK
|b SNK
|y NEVYP
|7 0
|o snkC 572
|i snk1111/980701
|0 0
|1 0
|4 0
|d 1998-06-30
|l 0
|r 2005-01-02 00:00:00
|w 2026-02-23
|
| 952 |
|
|
|t P60, <03>, [BOOK], {603}
|a SNK
|b SNK
|y PREZ
|7 0
|p 17A0144228
|o snkSC 96196/1
|i snkKSP 6712/98
|0 0
|1 0
|4 0
|d 1998-06-30
|f 1
|l 0
|r 2025-09-16 00:00:00
|w 2026-02-23
|
| 952 |
|
|
|t P60, <04>, [BOOK], {604}
|a SNK
|b SNK
|y VYP
|7 0
|p 17A0144227
|o snkSC 96196/1 D1
|i snkKSP 6713/98
|0 0
|1 0
|4 0
|d 1998-06-30
|l 0
|r 2005-01-02 00:00:00
|w 2026-02-23
|